Pre tuky a oleje najčastejšie chodíme do supermarketov
Maslo predstavuje kategóriu tukov a olejov s najvyšším podielom privátnych značiek na výdavkoch domácností. Z pohľadu nákupných kanálov sa za posledných dvanásť mesiacov podľa GfK nakúpilo najviac tukov a olejov v supermarketoch.
Gespeichert in:
| Format: | Buchkapitel |
|---|---|
| Sprache: | Slowakisch |
| Schlagworte: | |
| Tags: |
Keine Tags, Fügen Sie das erste Tag hinzu!
|
MARC
| LEADER | 00000naa a2200000 4500 | ||
|---|---|---|---|
| 001 | 0300505 | ||
| 005 | 20240528124906.9 | ||
| 041 | 0 | |a slo | |
| 044 | |a SK | ||
| 245 | 1 | 0 | |a Pre tuky a oleje najčastejšie chodíme do supermarketov |
| 520 | |a Maslo predstavuje kategóriu tukov a olejov s najvyšším podielom privátnych značiek na výdavkoch domácností. Z pohľadu nákupných kanálov sa za posledných dvanásť mesiacov podľa GfK nakúpilo najviac tukov a olejov v supermarketoch. | ||
| 610 | 2 | 0 | |a výrobky živočíšne |
| 610 | 2 | 0 | |a oleje rastlinné |
| 610 | 2 | 0 | |a spotreba domácností |
| 610 | 2 | 0 | |a supermarkety |